| 000 | 00596nam a2200229Ia 4500 | ||
|---|---|---|---|
| 003 | OSt | ||
| 005 | 20221006164701.0 | ||
| 006 | a|||||r|||| 00| 0 | ||
| 007 | ta | ||
| 008 | 221006b |||||||| |||| 00| 0 eng d | ||
| 024 | _a3,386 | ||
| 037 | _cTextual | ||
| 040 |
_aFML _cFML _beng |
||
| 041 |
_2eng _aeng |
||
| 082 | _aY:1.7918, K4 | ||
| 100 |
_aWagley Charles Au. _9678099 |
||
| 245 | 0 | _aIntroduction to Brazil | |
| 260 |
_aNew York _bColumbia Press _c1963 |
||
| 300 |
_a322 _ccm. |
||
| 942 |
_hY:1.7918, K4 _cTEXL _2CC |
||
| 999 |
_c1118104 _d1118104 |
||